000 00778nam a22001337a 4500
040 _cRUA
082 _aAGR OP 2022 B1-406 Or.
100 _aOP SARANH,អុប សារ៉ាញ់
245 _aUTILIZATION OF DIFFERENT 15.15.15 FERTILIZER RATES ON GROWTH AND YIELD OF LETTUCE UNDER SANDY LOAM CONDITION,ការប្រើប្រាស់ជី ១៥.១៥.១៥ កម្រិតខុសគ្នាលើការលូតលាស់ និងទិន្នផលនៃដំណាំសាលាដក្នុងលក្ខខណ្ឌដីល្បាយខ្សាច់
260 _aphnom penh
_brua
_c2022
300 _ax.30p.
_bill.
_c29cm.
856 _uhttps://drive.google.com/file/d/1HUK-9CWqpsJkLazfDDuaRSLCfremu_wQ/view?usp=sharing
942 _cAGR
999 _c24213
_d24213